| 000 | 00376cam a2200157ua 4500 | ||
|---|---|---|---|
| 041 |
_aeng _h |
||
| 082 |
_a823.308 _bSTE/SC |
||
| 100 | _aStendhal, . | ||
| 245 |
_aScarlet and black / _cStendhal. _hTextual Documents |
||
| 260 |
_aLondon : _bJ M Dent and Sons Ltd , _c1962. |
||
| 300 | _a295 ; . | ||
| 504 | _a | ||
| 650 | _a823.308 | ||
| 942 | _cBK | ||
| 999 |
_c11977 _d11977 |
||